Score 0/24 Timer 04:00
0 Plays Today
Mixed Word Answer % Correct
NROXBBronx
98.4%
OOSHSoho
94.4%
TRACENL ARPKCentral Park
94.3%
EESUNQQueens
92.9%
HATATMNANManhattan
91.9%
TATSEN LSANDIStaten Island
91.6%
LLITTE AYLTILittle Italy
90.3%
MESTI SRAEUQTimes Square
90.1%
PURPE ESWT EIDSUpper West Side
88.4%
FNICNIAAL DCITIRSTFinancial District
87.4%
PUPRE SEAT DISEUpper East Side
87.4%
CBOLUUMS CCILREColumbus Circle
82.5%
Mixed Word Answer % Correct
DITONWMMidtown
75.8%
ONUNI SREUQAUnion Square
75.2%
BLRYONOKBrooklyn
74.2%
TSEA LGALEVIEast Village
62.4%
TEARYBT KAPRBattery Park
56.3%
EALCSHEChelsea
55%
WBIULRLGIAMSWilliamsburg
53.4%
HTIONWCNAChinatown
50%
LHEAMRHarlem
44.5%
WGIRCEHEN AVGIELLGreenwich Village
43.9%
TBCIRAETribeca
43.2%
MGOSRINDIEN HHETISGMorningside Heights
18.5%

You're not logged in!

Compare scores with friends on all Sporcle quizzes.
OR
Log In

Sporcle TV

Today on Sporcle TV


Watch our educational content, quiz creation guides, and fun videos on Sporcle TV.

Show Comments

Extras

Top Quizzes Today


Score Distribution

Your Account Isn't Verified!

In order to create a playlist on Sporcle, you need to verify the email address you used during registration. Go to your Sporcle Settings to finish the process.

Report this User

Report this user for behavior that violates our Community Guidelines.

Details: